Korea story (Record no. 1112349)
[ view plain ]
| 000 -LEADER | |
|---|---|
| fixed length control field | 01072nam a2200313Ia 4500 |
| 003 - CONTROL NUMBER IDENTIFIER | |
| control field | OSt |
| 005 - DATE AND TIME OF LATEST TRANSACTION | |
| control field | 20221006160104.0 |
| 008 - FIXED-LENGTH DATA ELEMENTS--GENERAL INFORMATION | |
| fixed length control field | 221006b |||||||| |||| 00| 0 eng d |
| 020 ## - INTERNATIONAL STANDARD BOOK NUMBER | |
| International Standard Book Number | 9788996071549 |
| -- | 8.00 |
| 037 ## - SOURCE OF ACQUISITION | |
| Terms of availability | Textual |
| 040 ## - CATALOGING SOURCE | |
| Original cataloging agency | EASL |
| Transcribing agency | EASL |
| Language of cataloging | eng |
| 041 ## - LANGUAGE CODE | |
| Source of code | eng |
| Language code of text/sound track or separate title | eng |
| 100 ## - MAIN ENTRY--PERSONAL NAME | |
| Personal name | O Won-chol |
| 9 (RLIN) | 671851 |
| 245 #0 - TITLE STATEMENT | |
| Title | Korea story |
| Remainder of title | President Park Jung-hee's leadership and the Korean industrial revolution |
| 260 ## - PUBLICATION, DISTRIBUTION, ETC. | |
| Place of publication, distribution, etc. | Seoul |
| Name of publisher, distributor, etc. | Wisdomtree |
| Date of publication, distribution, etc. | 2009 |
| 300 ## - PHYSICAL DESCRIPTION | |
| Extent | 807p. |
| Dimensions | cm. |
| 490 ## - SERIES STATEMENT | |
| Volume/sequential designation | KEL |
| 650 ## - SUBJECT ADDED ENTRY--TOPICAL TERM | |
| Topical term or geographic name entry element | Korea - Economic policy |
| 9 (RLIN) | 647518 |
| 650 ## - SUBJECT ADDED ENTRY--TOPICAL TERM | |
| Topical term or geographic name entry element | Korea - Great Plan of President Park |
| 9 (RLIN) | 671852 |
| 650 ## - SUBJECT ADDED ENTRY--TOPICAL TERM | |
| Topical term or geographic name entry element | Korea - Modernization of the fatherland |
| 9 (RLIN) | 671853 |
| 650 ## - SUBJECT ADDED ENTRY--TOPICAL TERM | |
| Topical term or geographic name entry element | Korea - National land structure - Reorganization of |
| 9 (RLIN) | 671854 |
| 650 ## - SUBJECT ADDED ENTRY--TOPICAL TERM | |
| Topical term or geographic name entry element | Korea - Industrial revolution |
| 9 (RLIN) | 671855 |
| 942 ## - ADDED ENTRY ELEMENTS (KOHA) | |
| Classification part | X:275.495, P9 |
| Koha item type | Textual |
| Source of classification or shelving scheme | Colon Classification (CC) |
No items available.
